Byene/Tettstedene i Trøndelag over 2,000 innbyggere - Statistics

General Stats
  • This quiz has been taken 62 times
  • The average score is 12 of 18
Answer Stats
Befolkning By % Correct
180,557 Trondheim
100%
12,737 Stjørdalshalsen
91%
10,008 Levanger
89%
12,744 Steinkjer
89%
8,367 Namsos
87%
8,108 Orkanger / Fannrem
80%
3,808 Røros
76%
6,246 Melhus
74%
4,299 Oppdal
67%
6,949 Malvik
61%
2,066 Brekstad
54%
5,290 Hommelvik
50%
2,331 Støren
50%
8,200 Verdalsøra
50%
3,319 Klæbu
43%
3,084 Rørvik
43%
2,563 Kyrksæterøra
30%
2,942 Buvika / Ilhaugen
24%
No matching quizzes found
Score Distribution
Percent of People with Each Score
Percentile by Number Answered
Your Score History
You have not taken this quiz